Vertebrate life / (Record no. 23746)
[ view plain ]
| 000 -LEADER | |
|---|---|
| fixed length control field | 01229cam a22003254a 4500 |
| 001 - CONTROL NUMBER | |
| control field | 15345420 |
| 003 - CONTROL NUMBER IDENTIFIER | |
| control field | OSt |
| 005 - DATE AND TIME OF LATEST TRANSACTION | |
| control field | 20211223135231.0 |
| 008 - FIXED-LENGTH DATA ELEMENTS--GENERAL INFORMATION | |
| fixed length control field | 080626s2009 cauab b 001 0 eng |
| 010 ## - LIBRARY OF CONGRESS CONTROL NUMBER | |
| LC control number | 2008028645 |
| 020 ## - INTERNATIONAL STANDARD BOOK NUMBER | |
| International Standard Book Number | 9780321545763 |
| 020 ## - INTERNATIONAL STANDARD BOOK NUMBER | |
| International Standard Book Number | 0321545761 |
| 040 ## - CATALOGING SOURCE | |
| Original cataloging agency | DLC |
| Transcribing agency | HU |
| Modifying agency | DLC |
| 050 00 - LIBRARY OF CONGRESS CALL NUMBER | |
| Classification number | QL605 |
| Item number | .P68 2009 |
| 082 00 - DEWEY DECIMAL CLASSIFICATION NUMBER | |
| Classification number | 596 |
| Edition number | 22 |
| 100 1# - MAIN ENTRY--PERSONAL NAME | |
| Personal name | Pough, F. Harvey. |
| 9 (RLIN) | 2759 |
| 245 10 - TITLE STATEMENT | |
| Title | Vertebrate life / |
| Statement of responsibility, etc. | F. Harvey Pough, Christine M. Janis, John B. Heiser. |
| 250 ## - EDITION STATEMENT | |
| Edition statement | 8th ed. |
| 260 ## - PUBLICATION, DISTRIBUTION, ETC. | |
| Place of publication, distribution, etc. | San Francisco : |
| Name of publisher, distributor, etc. | Benjamin Cummings, |
| Date of publication, distribution, etc. | 2009. |
| 300 ## - PHYSICAL DESCRIPTION | |
| Extent | 1 v. (various pagings) : |
| Other physical details | ill. (some col.), maps ; |
| Dimensions | 27 cm. |
| 504 ## - BIBLIOGRAPHY, ETC. NOTE | |
| Bibliography, etc. note | Includes bibliographical references and indexes. |
| 650 #0 - SUBJECT ADDED ENTRY--TOPICAL TERM | |
| Topical term or geographic name entry element | Vertebrates. |
| 9 (RLIN) | 2760 |
| 650 #0 - SUBJECT ADDED ENTRY--TOPICAL TERM | |
| Topical term or geographic name entry element | Vertebrates, Fossil. |
| 9 (RLIN) | 2761 |
| 700 1# - ADDED ENTRY--PERSONAL NAME | |
| Personal name | Janis, Christine M. |
| Fuller form of name | (Christine Marie), |
| Dates associated with a name | 1950- |
| 9 (RLIN) | 2762 |
| 700 1# - ADDED ENTRY--PERSONAL NAME | |
| Personal name | Heiser, John B. |
| 9 (RLIN) | 2763 |
| 856 41 - ELECTRONIC LOCATION AND ACCESS | |
| Materials specified | Table of contents only |
| Uniform Resource Identifier | <a href="http://www.loc.gov/catdir/toc/ecip0822/2008028645.html">http://www.loc.gov/catdir/toc/ecip0822/2008028645.html</a> |
| 906 ## - LOCAL DATA ELEMENT F, LDF (RLIN) | |
| a | 7 |
| b | cbc |
| c | orignew |
| d | 1 |
| e | ecip |
| f | 20 |
| g | y-gencatlg |
| 942 ## - ADDED ENTRY ELEMENTS (KOHA) | |
| Source of classification or shelving scheme | Dewey Decimal Classification |
| Koha item type | Books like text book referance book |
| Suppress in OPAC | No |
| Withdrawn status | Lost status | Source of classification or shelving scheme | Damaged status | Not for loan | Collection code | Home library | Current library | Shelving location | Date acquired | Total Checkouts | Full call number | Barcode | Date last seen | Copy number | Price effective from | Koha item type |
|---|---|---|---|---|---|---|---|---|---|---|---|---|---|---|---|---|
| Dewey Decimal Classification | Reference | Wondo Genet Library | Wondo Genet Library | General Stacks | 12/23/2021 | 596 POU 2009 | WGCFNRL00009603 | 12/23/2021 | 1 | 12/23/2021 | Books like text book referance book | |||||
| Dewey Decimal Classification | Reference | Wondo Genet Library | Wondo Genet Library | General Stacks | 04/16/2022 | 596 POU 2009 | WGCFNRL00019309 | 04/16/2022 | 2 | 04/16/2022 | Books like text book referance book |